Esercizi Spirituali, 1970. (Record n. 28567)

Dettagli MARC
000 -LEADER
fixed length control field 00996nam a2200229Ia 4500
003 - CONTROL NUMBER IDENTIFIER
control field IT-RoPau
005 - DATE AND TIME OF LATEST TRANSACTION
control field 20220918175746.0
008 - FIXED-LENGTH DATA ELEMENTS--GENERAL INFORMATION
fixed length control field 120407s9999 xx 000 0 und d
040 ## - CATALOGING SOURCE
Original cataloging agency IT-RoPAU
Transcribing agency 20130510094327.0
040 ## - CATALOGING SOURCE
Transcribing agency IT-RoPAU
041 ## - LANGUAGE CODE
Language code of text/sound track or separate title ita
100 ## - MAIN ENTRY--PERSONAL NAME
Personal name Società San Paolo
9 (RLIN) 527
245 ## - TITLE STATEMENT
Title Esercizi Spirituali, 1970.
Remainder of title La Comunità religiosa nell’ora del rinnovamento
250 ## - EDITION STATEMENT
Edition statement 1° ed
260 ## - PUBLICATION, DISTRIBUTION, ETC. (IMPRINT)
Place of publication, distribution, etc. Roma
Name of publisher, distributor, etc. SSP
Date of publication, distribution, etc. 1970
300 ## - PHYSICAL DESCRIPTION
Extent 205 p.
Dimensions 22 cm
490 ## - SERIES STATEMENT
Series statement (Doc. Paol., 3) Pro Manuscripto.
490 ## - SERIES STATEMENT
Volume/sequential designation 1
520 ## - SUMMARY, ETC.
Summary, etc. Indice<br/><br/>Ai fratelli<br/><br/>Conclusioni dell'Inchiesta<br/>Introduzione: Prefazio per azione di grazia<br/>Meditazioni del mattino. Temi della comunità<br/>Omelie alla Celebrazione Eucaristica<br/>Meditazioni a colloquio<br/>Meditazioni serali. Temi di "Rinnovamento"<br/>Per una pastorale dei "nostri" esercizi: Esperienze e suggerimenti<br/>Punto di partenza per una riflessione sulla nostra situazioneinterna nell'ora del rinnovamento
942 ## - ADDED ENTRY ELEMENTS (KOHA)
Koha item type LIBRO
Source of classification or shelving scheme Dewey Decimal Classification
Dati di copia
Withdrawn status Lost status Damaged status Not for loan Home library Current library Date acquired Total Checkouts Full call number Date last seen Price effective from Koha item type Public note Source of classification or shelving scheme
    Buone Condizioni Not For Loan PAULUS-BIBLIOTECA PAULUS-BIBLIOTECA 11/04/2012   DP.59 11/04/2012 11/04/2012 LIBRO    
    Buone Condizioni Not For Loan PAULUS-BIBLIOTECA PAULUS-BIBLIOTECA 11/04/2012     11/04/2012 11/04/2012 LIBRO Inserito da: Sergio In data: 27 settembre 2011 fondo: Via A.Severo 56 Progr:8080  
    Buone Condizioni Not For Loan PAULUS-BIBLIOTECA PAULUS-BIBLIOTECA 10/05/2013   P C6 10/05/2013 10/05/2013 LIBRO   Dewey Decimal Classification
    Buone Condizioni Not For Loan PAULUS-BIBLIOTECA PAULUS-BIBLIOTECA 10/05/2013   P C6 10/05/2013 10/05/2013 LIBRO   Dewey Decimal Classification
    Buone Condizioni Not For Loan PAULUS-BIBLIOTECA PAULUS-BIBLIOTECA 10/05/2013   P C6 10/05/2013 10/05/2013 LIBRO   Dewey Decimal Classification
    Buone Condizioni Not For Loan PAULUS-BIBLIOTECA PAULUS-BIBLIOTECA 10/05/2013   P C6 10/05/2013 10/05/2013 LIBRO   Dewey Decimal Classification
    Buone Condizioni Not For Loan PAULUS-BIBLIOTECA PAULUS-BIBLIOTECA 10/05/2013   P C6 10/05/2013 10/05/2013 LIBRO   Dewey Decimal Classification
CREDITS: SOCIETA' SAN PAOLO Via A.Severo, 58 - ROMA (RM) & PERIODICI SAN PAOLO SRL Via Giotto, 36 MILANO & CISF Via Giotto, 36 MILANO & EDIZIONI SAN PAOLO SRL,  Piazza Soncino, 5 CINISELLO BALSAMO (MI) -- ITALY